Data Structures and Abstractions with Java /

Gespeichert in:
Bibliographische Detailangaben
1. Verfasser: Carrano, Frank M. (autor)
Weitere Verfasser: Savitch, Walter (autor) (autor)
Format: Buch
Sprache:Englisch
Veröffentlicht: Upper Saddle River, EUA : Prentice-Hall, 2003, c2003
Schlagworte:
Tags: Tag hinzufügen
Keine Tags, Fügen Sie das erste Tag hinzu!

MARC

LEADER 00000nam^a2200000^a^4500
001 000156830
005 20250521000000.0
009 20260310100518.278
020 |a 0-13-017489-0 
037 |a Acervo ITESO - Biblioteca 
041 |a ING 
082 |a 005. 133  |b CAR 
100 |a Carrano, Frank M.  |e (autor) 
245 1 0 |a Data Structures and Abstractions with Java /  |c F.M. Carrano, W. Savitch. 
264 4 |a Upper Saddle River, EUA :  |b Prentice-Hall,  |c 2003, c2003 
300 |a XIX, 843 p. 
336 |a texto  |b txt  |2 rdacontenido 
337 |a sin mediación  |b n  |2 rdamedio 
338 |a volumen  |b nc  |2 rdasoporte 
649 |a XX 
650 |a Algoritmos 
650 |a Colas de Espera -  |x Teoría 
650 |a Arboles (Matemáticas) 
650 |a Teoría de Grafos 
650 |a Teoría de Recursión 
650 |a Análisis Numérico 
650 |a Proceso de Datos 
650 |a Lenguajes de Programación 
650 |a Programación Orientada a Objetos 
650 |a Programación (Software) 
650 |a Desarrollo de Sistemas 
650 |a Sistemas Computacionales 
650 |a Matemáticas de Ingeniería 
650 |a Ingeniería Computacional 
700 |a Savitch, Walter  |e (autor) 
910 |a Fondo General 
920 |a Impresos - Libros 
930 |a Colección General 
905 |a 101 
901 |a 0500085265  |b IT1  |c ACC  |u 20250521 
902 |a https://opac.biblio.iteso.mx/vufind/Record/000156830